000 00751cab a2200181 4500
001 ##L132580
008 060220n2006 000 0 eng u
035 _a(Sirsi) u132580
041 0 _aeng
100 1 _aLawson, David
245 0 0 _aBack to basics
_btechnology and software
260 _c2006
490 0 _aProperty Week
_v71(6) 10 February 2006, 109(1)
520 _aReports on the success of the web portal, Propex. Last year it listed about £800bn worth of commercial property, and had an estimated 70% of all UK property investment through its portal. It now plans to build on its rise by adding derivative prices to its listings.
590 _aIKA280206
690 _aPROPERTY-COMMERCIAL PROPERTY-COMMERCIAL PROPERTY MARKET
942 _n0
999 _c76503
_d76503